000 00790nam a2200265Ia 4500
003 OSt
005 20250711110438.0
008 210210b1992 xxu||||| |||| 00| 0 eng d
040 _cAL
041 _aKannada
082 _aK894.301 ASHK
100 _aASHOKA PRABHAKARA MOTE.
_dಅಶೋಕ ಪ್ರಭಾಕರ ಮೋಟೆ
_9218201
245 _aKshitija-dharma
_bಕ್ಷಿತಿಜ-ಧರ್ಮ
260 _aDharavada
_bManohara Granthamala
_c1992
300 _aviii,112
650 _atr
_9218202
650 _aShila
_9218203
650 _aKshitija-dharma.
_9218204
650 _aby
_9218205
650 _aAnkola.
_9218206
690 _aKannada Fiction
_9218207
700 _aShila Ankola.
_dಶೀಲಾ ಅಂಕೋಲಾ tr.
_9218208
906 _a049265
942 _2ddc
_cBK
999 _c98002
_d98002